[Event "Первенство Москвы по �"]
[Site "Москва"]
[Date "2016.11.19"]
[Round "8.8"]
[White "Soloviev, Vladislav"]
[Black "Levkin, Lev"]
[Result "1-0"]
[WhiteElo "1669"]
[BlackElo "1711"]
[PlyCount "137"]
[EventDate "2016.11.12"]

1. e4 c5 2. c3 d5 3. exd5 Qxd5 4. d4 cxd4 5. cxd4 e6 6. Nc3 Bb4 7. Nf3 Nf6 8.
Be2 O-O 9. O-O Qd8 10. Qb3 Nc6 11. Rd1 h6 12. Bf4 Bd6 13. Be5 a6 14. Bxf6 Qxf6
15. d5 Ne5 16. Ne4 Qf4 17. Nxd6 Nxf3+ 18. Bxf3 Qxd6 19. dxe6 Qxe6 20. Qxe6 Bxe6
21. Bxb7 Rab8 22. Bxa6 Rxb2 23. a4 Ra8 24. Bb5 Bb3 25. Rdb1 Rxb1+ 26. Rxb1 Bc2
27. Ra1 Kf8 28. Re1 Bb3 29. a5 Be6 30. a6 Ke7 31. Rd1 Bc8 32. Ra1 Kd6 33. Bc4
f6 34. Kf1 Kc5 35. Bd3 Ra7 36. Rc1+ Kd4 37. Rxc8 Kxd3 38. Rc6 Kd4 39. Ke2 Kd5
40. Rb6 Ke5 41. Kf3 Kf5 42. Rb5+ Ke6 43. Ra5 Kd6 44. Ke4 Ke6 45. Kd4 Kd6 46.
Kc4 Kc6 47. Kb4 Kb6 48. Ra1 g6 49. Re1 Rf7 50. Re6+ Ka7 51. Kc5 h5 52. Rd6 Rc7+
53. Rc6 Rf7 54. Kd6 Ka8 55. Ke6 Rf8 56. Ke7 Rb8 57. Rxf6 Rb2 58. Kf7 g5 59. Kg6
g4 60. Kxh5 Rb4 61. Rg6 Rb2 62. Rf6 Rb4 63. Kh4 Ka7 64. Rg6 Rb2 65. Kg3 Rb4 66.
h3 gxh3 67. Kxh3 Rb2 68. f4 Rb4 69. f5 1-0

[Event "Первенство Москвы по �"]
[Site "Москва"]
[Date "2016.11.19"]
[Round "8.9"]
[White "Fridman, Roman A"]
[Black "Ochirov, Lidzhi"]
[Result "0-1"]
[WhiteElo "1693"]
[BlackElo "1628"]
[PlyCount "36"]
[EventDate "2016.11.12"]

1. e4 c6 2. d4 d5 3. Nc3 dxe4 4. Nxe4 Bf5 5. Ng3 Bg6 6. Bc4 Nf6 7. N1e2 e5 8.
O-O exd4 9. Nxd4 Be7 10. Ngf5 O-O 11. Bg5 Bc5 12. Bxf6 Qxf6 13. Qg4 h5 14. Qf3
Bxd4 15. Nxd4 Qxd4 16. Qb3 Qb6 17. Rad1 Qxb3 18. cxb3 Na6 0-1

[Event "Первенство Москвы по �"]
[Site "Москва"]
[Date "2016.11.19"]
[Round "8.10"]
[White "Kirushin, Ivan"]
[Black "Kuprin, Alexander"]
[Result "1-0"]
[WhiteElo "1671"]
[BlackElo "1648"]
[PlyCount "97"]
[EventDate "2016.11.12"]

1. e4 d5 2. exd5 Nf6 3. d4 Nxd5 4. c4 Nf6 5. Nf3 e6 6. Be3 Be7 7. Bd3 O-O 8.
O-O c5 9. dxc5 Nc6 10. Nd4 Nxd4 11. Bxd4 Qa5 12. Nd2 Rd8 13. Nb3 Qc7 14. Qc2 h6
15. h3 e5 16. Be3 Be6 17. Bf5 Qc8 18. Bxe6 Qxe6 19. Nd2 Rac8 20. b4 a5 21. a3
axb4 22. axb4 Bf8 23. Rfd1 Nd7 24. Nb3 b6 25. Ra6 Rb8 26. cxb6 Bxb4 27. c5 Qc6
28. Rd6 Qb5 29. Qd3 Qxd3 30. Rxd3 e4 31. Rd4 Bc3 32. Rxe4 Nf6 33. Rc4 Be5 34.
f4 Nd5 35. fxe5 Nxe3 36. Rd4 Re8 37. c6 Nc2 38. Rc4 Ne3 39. Re4 Nd5 40. b7 Nc7
41. Ra5 Re6 42. Nd4 Rg6 43. e6 Kf8 44. Nb5 Rg5 45. e7+ Kg8 46. Nxc7 Rxa5 47.
e8=Q+ Rxe8 48. Rxe8+ Kh7 49. b8=Q 1-0

[Event "Первенство Москвы по �"]
[Site "Москва"]
[Date "2016.11.19"]
[Round "8.11"]
[White "Gubanov, Timofey"]
[Black "Nasyrov, Anton"]
[Result "1-0"]
[WhiteElo "1624"]
[BlackElo "1485"]
[PlyCount "71"]
[EventDate "2016.11.12"]

1. d4 f5 2. g3 e6 3. Bg2 Nf6 4. c4 d5 5. Nc3 c6 6. Nf3 Bd6 7. Bf4 O-O 8. O-O
Bxf4 9. gxf4 Nbd7 10. e3 Ne4 11. Qe2 Qe8 12. Ng5 Qg6 13. Ncxe4 fxe4 14. Kh1 h6
15. Nh3 Nf6 16. Rg1 Bd7 17. f3 Qh5 18. Nf2 exf3 19. Bxf3 Qh4 20. Ng4 Nxg4 21.
Rxg4 Qe7 22. Rg3 Qb4 23. Rag1 Rf7 24. Bh5 Re7 25. Qg2 g5 26. fxg5 Rh7 27. gxh6+
Kf8 28. Rg8+ Ke7 29. Qg5+ Kd6 30. Qe5+ Ke7 31. R1g7+ Rxg7 32. Rxg7+ Kd8 33.
Rg8+ Ke7 34. Qg7+ Kd6 35. c5+ Qxc5 36. dxc5+ 1-0

[Event "Первенство Москвы по �"]
[Site "Москва"]
[Date "2016.11.19"]
[Round "8.12"]
[White "Zaitsev, Yuriy"]
[Black "Kurus, Artem"]
[Result "1-0"]
[WhiteElo "1523"]
[BlackElo "1598"]
[PlyCount "75"]
[EventDate "2016.11.12"]

1. e4 e5 2. Nf3 Nf6 3. Nxe5 d6 4. Nf3 Nxe4 5. d3 Nf6 6. d4 d5 7. c4 dxc4 8.
Bxc4 Bb4+ 9. Nc3 O-O 10. O-O h6 11. Bf4 Bg4 12. Be3 c6 13. h3 Bh5 14. g4 Bg6
15. Ne5 Bh7 16. Nxf7 Rxf7 17. Bxf7+ Kh8 18. Bb3 Bd6 19. Bc2 Bg8 20. Ne4 Nxe4
21. Bxe4 Nd7 22. Bf5 Bd5 23. g5 Qc7 24. f4 Rf8 25. Qg4 Nb6 26. b3 Qf7 27. Bd3
Qc7 28. Rac1 Qe7 29. Rce1 Qc7 30. Re2 Bg8 31. Be4 Nd5 32. f5 Nc3 33. Rc2 Nxe4
34. Qxe4 hxg5 35. Bxg5 Bh7 36. Bf4 Bxf4 37. Qxf4 Qxf4 38. Rxf4 1-0

[Event "Первенство Москвы по �"]
[Site "Москва"]
[Date "2016.11.19"]
[Round "8.14"]
[White "Karlov, Egor"]
[Black "Knjazev, Artem"]
[Result "1/2-1/2"]
[WhiteElo "1623"]
[BlackElo "1476"]
[PlyCount "79"]
[EventDate "2016.11.12"]

1. c4 c5 2. b3 e6 3. e3 Nc6 4. Nc3 Be7 5. Bb2 Nf6 6. g3 d5 7. Nf3 O-O 8. Bg2
dxc4 9. bxc4 Qd3 10. Qe2 Nb4 11. O-O Qxe2 12. Nxe2 Nd3 13. Bc3 Ne4 14. Ne1 Nxc3
15. Nxc3 Nxe1 16. Rfxe1 Bf6 17. Rab1 Bxc3 18. dxc3 Rb8 19. Red1 b6 20. Rd6 Ba6
21. Bf1 Rfd8 22. Rbd1 Rxd6 23. Rxd6 Kf8 24. Rd7 Rb7 25. Rd2 Ke7 26. Be2 Rd7 27.
Rb2 Bb7 28. Kf1 Bc6 29. Ke1 Be4 30. Rd2 Rxd2 31. Kxd2 g5 32. Bd3 f5 33. Ke2 Bc6
34. f4 g4 35. Kd2 Kd7 36. Kc1 h5 37. Kb2 Kc7 38. a4 Kb7 39. Ka3 a5 40. Bc2
1/2-1/2

[Event "Первенство Москвы по �"]
[Site "Москва"]
[Date "2016.11.19"]
[Round "8.16"]
[White "Vdovin, Georgy"]
[Black "Boger, Juri"]
[Result "1/2-1/2"]
[WhiteElo "1637"]
[BlackElo "1542"]
[PlyCount "96"]
[EventDate "2016.11.12"]

1. b3 d5 2. Bb2 c5 3. Nf3 Nf6 4. g3 e6 5. Bg2 Nc6 6. O-O Bd6 7. e3 O-O 8. d4
cxd4 9. exd4 Ne4 10. Nfd2 f5 11. Nxe4 fxe4 12. f4 Bd7 13. Qd2 Rc8 14. a3 Qf6
15. c4 h5 16. c5 Bc7 17. b4 a6 18. Rd1 h4 19. Qe3 hxg3 20. hxg3 Ne7 21. Bh3 Qg6
22. Rf1 Nf5 23. Bxf5 Rxf5 24. Nc3 Rcf8 25. Ne2 Bb5 26. Kf2 Qg4 27. Rh1 g5 28.
Rag1 R8f7 29. Ke1 Qf3 30. Qxf3 exf3 31. Nc3 gxf4 32. g4 Rg5 33. Nxb5 axb5 34.
Kf2 e5 35. Kxf3 e4+ 36. Kf2 Rfg7 37. Rh4 R5g6 38. Bc1 Bd8 39. Rh5 Rxg4 40. Rxg4
Rxg4 41. Rxd5 Bh4+ 42. Kf1 e3 43. Bxe3 fxe3 44. Ke2 Bf2 45. Rd8+ Kh7 46. Rd7+
Rg7 47. Rd8 Rg2 48. Rd7+ Rg7 1/2-1/2

[Event "Первенство Москвы по �"]
[Site "Москва"]
[Date "2016.11.19"]
[Round "8.17"]
[White "Pischik, Aleksei"]
[Black "Yudin, Mikhail"]
[Result "1-0"]
[WhiteElo "1533"]
[BlackElo "1585"]
[PlyCount "127"]
[EventDate "2016.11.12"]

1. e4 c5 2. Nf3 e6 3. d4 cxd4 4. Nxd4 a6 5. Bd3 Qc7 6. O-O Nf6 7. c4 Nc6 8.
Nxc6 dxc6 9. Nc3 e5 10. Kh1 Bd6 11. Bg5 Be6 12. Bxf6 gxf6 13. Qf3 Ke7 14. a3 a5
15. Na4 b6 16. Rac1 Qa7 17. Qe3 Bc7 18. Nc3 Bd6 19. Na4 Bc7 20. Rfd1 Rad8 21.
Nc3 Rd7 22. Be2 Rxd1+ 23. Rxd1 Qa6 24. c5 Qb7 25. b4 b5 26. Ra1 a4 27. Rd1 Bb3
28. Rd2 Be6 29. h3 Qb8 30. Bg4 Bxg4 31. hxg4 h5 32. g5 Qc8 33. gxf6+ Kxf6 34.
Qf3+ Ke7 35. Ne2 h4 36. Ng1 Qe6 37. Qh3 Qxh3+ 38. Nxh3 Rd8 39. Rxd8 Bxd8 40.
Ng5 Kf8 41. Nf3 Bf6 42. Kh2 Kg7 43. Kh3 Kh6 44. Kg4 Kg6 45. Nxh4+ Kh7 46. g3
Kg8 47. Nf5 Kf8 48. Kh5 Bd8 49. g4 Ke8 50. Nd6+ Ke7 51. g5 Ke6 52. Nf5 Bc7 53.
Kh6 Bd8 54. f3 Bc7 55. Kh5 Bd8 56. Kh4 Bc7 57. Ng7+ Ke7 58. Kg4 Kf8 59. Nh5 Ke7
60. Kf5 Bb8 61. Nf6 Bc7 62. Ng4 Bb8 63. Nxe5 Bxe5 64. Kxe5 1-0

[Event "Первенство Москвы по �"]
[Site "Москва"]
[Date "2016.11.19"]
[Round "8.18"]
[White "Kireev, Igor"]
[Black "Ivanov, Stepan"]
[Result "1/2-1/2"]
[WhiteElo "1479"]
[BlackElo "1558"]
[PlyCount "87"]
[EventDate "2016.11.12"]

1. e4 e6 2. d4 d5 3. e5 c5 4. c3 Nc6 5. Nf3 Nge7 6. Be3 Nf5 7. Nbd2 cxd4 8.
cxd4 Nxe3 9. fxe3 Be7 10. Bd3 Nb4 11. Bb1 Bd7 12. a3 Nc6 13. O-O O-O 14. Qe1 f5
15. Qg3 Qe8 16. Bd3 Nd8 17. h4 Bb5 18. Ne1 Nf7 19. Ndf3 Rc8 20. Ng5 Nxg5 21.
hxg5 Bd7 22. Nf3 Qg6 23. Kf2 Kf7 24. Rac1 Rxc1 25. Rxc1 Rc8 26. Rxc8 Bxc8 27.
Bb5 Qh5 28. b4 a5 29. Qh3 Qxh3 30. gxh3 axb4 31. axb4 Bxb4 32. h4 Ke7 33. h5
Bd7 34. Bd3 Be8 35. h6 g6 36. Ke2 Ba4 37. Nh4 Kf7 38. Nf3 Bc3 39. Ne1 b5 40.
Bb1 b4 41. Nd3 Bb5 42. Kd1 Bxd3 43. Bxd3 Ke7 44. Bc2 1/2-1/2

[Event "Первенство Москвы по �"]
[Site "Москва"]
[Date "2016.11.19"]
[Round "8.20"]
[White "Zurabian, Vage"]
[Black "Baituganov, Vyacheslav"]
[Result "1-0"]
[WhiteElo "1649"]
[BlackElo "1537"]
[PlyCount "69"]
[EventDate "2016.11.12"]

1. c4 c6 2. g3 Nf6 3. Bg2 d5 4. cxd5 cxd5 5. Nf3 Nc6 6. O-O Bf5 7. d3 e6 8. b3
Bd6 9. Bb2 O-O 10. Nbd2 Bg6 11. Nd4 Rc8 12. N2f3 a6 13. a3 Qe7 14. b4 b5 15.
Qb3 Nd7 16. Rac1 Nxd4 17. Nxd4 Nb6 18. Nc6 Qd7 19. Ne5 Qe7 20. Nxg6 fxg6 21.
Bh3 Na4 22. Bd4 Rc7 23. Rxc7 Bxc7 24. Rc1 Bb6 25. Bxb6 Nxb6 26. Rc6 Qa7 27.
Bxe6+ Kh8 28. e3 h6 29. Qc3 Na4 30. Qe5 Qb8 31. Rc7 Rf6 32. Rc8+ Qxc8 33. Bxc8
Nb6 34. Qe8+ Kh7 35. Be6 1-0

[Event "Первенство Москвы по �"]
[Site "Москва"]
[Date "2016.11.19"]
[Round "8.21"]
[White "Gofman, Lev"]
[Black "Kalita, Daniil"]
[Result "1-0"]
[WhiteElo "1622"]
[BlackElo "1520"]
[PlyCount "55"]
[EventDate "2016.11.12"]

1. e4 e5 2. Nf3 Nc6 3. d4 exd4 4. Nxd4 Bb4+ 5. c3 Bc5 6. Bc4 Ne5 7. Bb3 d6 8.
O-O Ne7 9. Bg5 O-O 10. Nd2 h6 11. Bh4 N5g6 12. Bg3 Bd7 13. Nc4 b5 14. Ne3 Ne5
15. Bh4 N5g6 16. Bg3 Bxd4 17. cxd4 Kh8 18. f4 f5 19. Bc2 Bc8 20. Qh5 Qd7 21.
exf5 Nxf5 22. Nxf5 Qf7 23. Nxh6 gxh6 24. Qxh6+ Qh7 25. Qxg6 Bf5 26. Qxh7+ Bxh7
27. Bxh7 Kxh7 28. Rac1 1-0

[Event "Первенство Москвы по �"]
[Site "Москва"]
[Date "2016.11.19"]
[Round "8.22"]
[White "Gerasimov, Vadim"]
[Black "Sheyafetdinov, Daniil"]
[Result "1/2-1/2"]
[WhiteElo "1566"]
[BlackElo "1339"]
[PlyCount "76"]
[EventDate "2016.11.12"]

1. e4 e6 2. d4 d5 3. exd5 exd5 4. Bd3 Nf6 5. Ne2 Be7 6. O-O O-O 7. Ng3 Re8 8.
Re1 Be6 9. Bf4 Nbd7 10. c3 c6 11. Qc2 Nf8 12. Nf5 Bxf5 13. Bxf5 Ng6 14. Bg3 Bd6
15. Nd2 Bxg3 16. hxg3 Qd6 17. Nf3 Rxe1+ 18. Rxe1 Re8 19. Rxe8+ Nxe8 20. Qe2 Qe7
21. Kf1 Qxe2+ 22. Kxe2 Kf8 23. Ke3 Nd6 24. Bd3 Ke7 25. b3 b5 26. Ne5 Nxe5 27.
dxe5 Nb7 28. b4 f6 29. f4 fxe5 30. fxe5 Ke6 31. Kf4 g6 32. Be2 a5 33. a3 a4 34.
Bg4+ Ke7 35. Bf3 Ke6 36. Bg4+ Ke7 37. Bf3 Ke6 38. Bg4+ Ke7 1/2-1/2

[Event "Первенство Москвы по �"]
[Site "Москва"]
[Date "2016.11.19"]
[Round "8.23"]
[White "Dubinenko, Konstantin"]
[Black "Zherdev, Sviatoslav"]
[Result "1-0"]
[WhiteElo "1519"]
[BlackElo "1412"]
[PlyCount "63"]
[EventDate "2016.11.12"]

1. e4 d5 2. exd5 Nf6 3. c4 c6 4. dxc6 Nxc6 5. d3 e5 6. Nf3 Bg4 7. Be2 Be7 8.
Nc3 O-O 9. a3 Re8 10. O-O a5 11. Nb5 Qb6 12. Be3 Bc5 13. Bxc5 Qxc5 14. Nc7 Rad8
15. Nxe8 Rxe8 16. h3 Bxf3 17. Bxf3 Nd4 18. b4 axb4 19. axb4 Qxb4 20. Qb1 Nxf3+
21. gxf3 Qd2 22. Qc1 Qxd3 23. Ra3 Qg6+ 24. Kh2 Nh5 25. Rg1 Qd6 26. c5 Qc6 27.
Qg5 Qxc5 28. Re3 Qc2 29. Rg2 Qg6 30. Rxe5 f5 31. Qxg6 hxg6 32. Rxe8+ 1-0

[Event "Первенство Москвы по �"]
[Site "Москва"]
[Date "2016.11.19"]
[Round "8.24"]
[White "Kim, Andrey"]
[Black "Efimov, Ivan"]
[Result "1-0"]
[WhiteElo "1440"]
[BlackElo "1486"]
[PlyCount "73"]
[EventDate "2016.11.12"]

1. d4 Nf6 2. c4 g6 3. Nc3 Bg7 4. g3 O-O 5. Bg2 d6 6. e3 Nbd7 7. Nge2 e5 8. O-O
c6 9. b3 Re8 10. Bb2 Nb6 11. Rc1 Be6 12. Qd2 Qd7 13. Rfd1 exd4 14. Nxd4 d5 15.
Nxe6 fxe6 16. c5 Nc8 17. Bh3 Qf7 18. Qc2 Ne7 19. Ne2 Ne4 20. Nf4 Nf5 21. Bxg7
Kxg7 22. Bg2 Nf6 23. Nd3 e5 24. Rb1 Nd7 25. b4 e4 26. Nf4 Ne5 27. b5 Reb8 28.
Rb3 Nc4 29. Bf1 Ne5 30. Qb2 Qf6 31. Be2 Nf3+ 32. Bxf3 Qxb2 33. Rxb2 exf3 34.
Ne6+ Kf7 35. Nc7 cxb5 36. Nxa8 Rxa8 37. Rxb5 1-0

[Event "Первенство Москвы по �"]
[Site "Москва"]
[Date "2016.11.19"]
[Round "8.25"]
[White "Brutian, Kristian"]
[Black "Trofimov, Boris"]
[Result "0-1"]
[WhiteElo "1481"]
[BlackElo "1441"]
[PlyCount "54"]
[EventDate "2016.11.12"]

1. e4 c6 2. d4 d5 3. Nc3 dxe4 4. Nxe4 Bf5 5. Ng3 Bg6 6. h4 h6 7. Nf3 Nd7 8. Bd3
Bxd3 9. Qxd3 Ngf6 10. Bd2 e6 11. O-O-O Bd6 12. Ne4 Nxe4 13. Qxe4 Nf6 14. Qe2
Qc7 15. Bc3 Nd5 16. Bd2 O-O-O 17. Kb1 Rhe8 18. c4 Ne7 19. c5 Bf4 20. g3 Bxd2
21. Rxd2 Rd5 22. Ne5 Nf5 23. Qe4 Nxd4 24. Nxf7 Qxf7 25. Rxd4 Qf5 26. Qxf5 Rxf5
27. f4 Rxc5 {������ �� ����} 0-1

[Event "Первенство Москвы по �"]
[Site "Москва"]
[Date "2016.11.19"]
[Round "8.28"]
[White "Dorofeev, Fedor"]
[Black "Pryamikov, Dmitriy"]
[Result "1/2-1/2"]
[WhiteElo "1460"]
[BlackElo "1398"]
[PlyCount "77"]
[EventDate "2016.11.12"]

1. Nf3 d5 2. d4 Nf6 3. c4 e6 4. Bg5 Be7 5. Nc3 Nbd7 6. e3 O-O 7. Be2 b6 8. cxd5
exd5 9. O-O Bb7 10. Rc1 Re8 11. Qa4 a6 12. b4 b5 13. Qb3 c6 14. a4 h6 15. Bh4
Bd6 16. Ne1 Qc7 17. Bg3 Bxg3 18. hxg3 Rac8 19. Nd3 Qd6 20. Nc5 Nxc5 21. bxc5
Qe6 22. Rfe1 Ne4 23. Nxe4 Qxe4 24. Bf3 Qg6 25. axb5 axb5 26. Ra1 Ra8 27. Qb2
Qf5 28. Qe2 Qe6 29. Qb2 Qf5 30. Rxa8 Rxa8 31. e4 dxe4 32. Rxe4 Qf6 33. Qb3 Rd8
34. Rf4 Qe7 35. Bh5 Rf8 36. Bf3 Rd8 37. Bh5 Rf8 38. Bf3 Rd8 39. Bh5 1/2-1/2

[Event "Первенство Москвы по �"]
[Site "Москва"]
[Date "2016.11.19"]
[Round "8.29"]
[White "Kazakov, Gleb"]
[Black "Kozlov, Kirill"]
[Result "1-0"]
[WhiteElo "1366"]
[BlackElo "1654"]
[PlyCount "85"]
[EventDate "2016.11.12"]

1. e4 d6 2. d4 g6 3. Nc3 Nf6 4. Be3 Bg7 5. Qd2 O-O 6. O-O-O Nbd7 7. f3 c6 8. g4
b5 9. Bh6 Qa5 10. Bxg7 Kxg7 11. Kb1 Rb8 12. h4 h5 13. gxh5 Nxh5 14. Nce2 Qxd2
15. Rxd2 Nb6 16. Nh3 Nc4 17. Rd3 Rd8 18. b3 e5 19. Rd1 Ne3 20. Re1 Nxf1 21.
Rexf1 exd4 22. Nxd4 Ng3 23. Nxc6 Nxf1 24. Nxb8 Bxh3 25. Nc6 Bg2 26. Rg1 Nd2+
27. Kc1 Nxf3 28. Rxg2 Rd7 29. Rg4 Rc7 30. Nb4 Nd4 31. Rg2 Rc5 32. Nd5 a5 33.
Kb2 Nc6 34. h5 Ne5 35. Nf4 Kh6 36. hxg6 Nxg6 37. Nd5 Kg7 38. a3 Kf8 39. Rf2 Kg7
40. Rg2 Rc8 41. Ne7 Re8 42. Nf5+ Kf8 43. Nxd6 1-0

[Event "Первенство Москвы по �"]
[Site "Москва"]
[Date "2016.11.19"]
[Round "8.30"]
[White "Morozov, Yury"]
[Black "Khegay, Ivan"]
[Result "0-1"]
[WhiteElo "1552"]
[BlackElo "1206"]
[PlyCount "42"]
[EventDate "2016.11.12"]

1. e4 c5 2. Nf3 d6 3. d4 cxd4 4. Nxd4 Nf6 5. Nc3 g6 6. Be3 Bg7 7. f3 O-O 8. Qd2
Nc6 9. O-O-O a6 10. g4 Bd7 11. h4 h5 12. gxh5 Nxh5 13. Rg1 b5 14. Nce2 Qc7 15.
Nf4 Nxd4 16. Bxd4 Bxd4 17. Nxh5 Bxg1 18. Qh6 Be3+ 19. Qxe3 Qc5 20. Qxc5 dxc5
21. Rxd7 gxh5 0-1

[Event "Первенство Москвы по �"]
[Site "Москва"]
[Date "2016.11.19"]
[Round "8.31"]
[White "Makshanov, Matvey"]
[Black "Vorobiev-Achinovich, Ivan"]
[Result "1-0"]
[WhiteElo "1353"]
[BlackElo "1378"]
[PlyCount "87"]
[EventDate "2016.11.12"]

1. e4 c5 2. Nc3 Nc6 3. Bb5 Nf6 4. Bxc6 bxc6 5. d3 g6 6. Be3 d6 7. Nf3 Bg7 8.
O-O O-O 9. h3 Rb8 10. Rb1 Be6 11. d4 cxd4 12. Nxd4 Qd7 13. Nxe6 fxe6 14. Qd3 d5
15. e5 Ne8 16. f4 a5 17. Ne4 Qc8 18. Nc5 Nc7 19. g4 Ra8 20. Kg2 Na6 21. c3 Nxc5
22. Bxc5 Re8 23. b3 Qa6 24. Qc2 a4 25. Rb2 axb3 26. axb3 Qb5 27. Be3 c5 28. Rh1
c4 29. b4 Qa4 30. Qb1 Qa3 31. Bd4 Rf8 32. Kg3 Rf7 33. Rf2 Qb3 34. Qxb3 cxb3 35.
Rb1 h6 36. Rxb3 g5 37. fxg5 Rxf2 38. Kxf2 hxg5 39. b5 Rb8 40. b6 Kf8 41. b7 Ke8
42. Ba7 Rxb7 43. Rxb7 Bxe5 44. Bd4 1-0